000
00299nam a2200145Ia 4500
100
_a
Murari/Timeri N
650
_a
Novel
942
_c
BK
245
_a
Taliban Cricket Club:A novel
260
_b
Aleph Book Co
_c
2012
082
_a
808.8
_b
MUR
300
_a
325
546
_a
ENGLISH
999
_c
34594
_d
34594